阪急電鉄の定期の種別 - Statistics

General Stats
  • This quiz has been taken 201 times
  • The average score is 30 of 33
Answer Stats
路線名 種別 % Correct
阪急電鉄神戸本線 特急
100%
阪急電鉄京都本線 特急
100%
阪急電鉄伊丹線 普通
99%
阪急電鉄今津線 普通
99%
阪急電鉄甲陽園線 普通
99%
阪急電鉄宝塚本線 普通
99%
阪急電鉄箕浦線 普通
99%
阪急電鉄京都本線 普通
99%
阪急電鉄千里線 普通
99%
阪急電鉄嵐山線 普通
99%
能勢電鉄妙見線 普通
99%
能勢電鉄日生線 普通
99%
大阪メトロ6号堺筋線 普通
99%
阪急電鉄神戸本線 普通
99%
阪急電鉄神戸本線 急行
94%
阪急電鉄宝塚本線 急行
94%
阪急電鉄京都本線 急行
94%
阪急電鉄神戸本線 準急
93%
阪急電鉄今津線 準急
93%
阪急電鉄宝塚本線 準急
93%
阪急電鉄京都本線 準急
93%
阪急電鉄千里線 準急
93%
大阪メトロ6号堺筋線 準急
93%
阪急電鉄神戸本線 通勤急行
80%
阪急電鉄神戸本線 通勤特急
80%
阪急電鉄宝塚本線 通勤特急
80%
阪急電鉄京都本線 通勤特急
80%
阪急電鉄神戸本線 準特急
76%
阪急電鉄京都本線 準特急
76%
阪急電鉄京都本線 快速特急
70%
阪急電鉄宝塚本線 日生エクスプレス
68%
能勢電鉄妙見線 日生エクスプレス
68%
能勢電鉄日生線 日生エクスプレス
68%
No matching quizzes found
Score Distribution
Percent of People with Each Score
Percentile by Number Answered
Your Score History
You have not taken this quiz